| 000 | 00393nam a22001217a 4500 | ||
|---|---|---|---|
| 020 | _a9789381714362 | ||
| 082 |
_a624.1513 _bMIT/AN |
||
| 100 |
_aMittal,Satyendra _91039 |
||
| 245 | _aAn Introduction to Ground Improvement Engineering ( Useful Book for Researchers, Consultants, Engineering Students and Practicing Engineers) | ||
| 260 |
_aNew Delhi _bMedtec _c2013 |
||
| 300 | _a284 | ||
| 942 | _cBK | ||
| 999 |
_c14597 _d14597 |
||